Normal view
MARC view
Entry Personal Name
001 - CONTROL NUMBER
- control field: 8838
003 - CONTROL NUMBER IDENTIFIER
- control field: OSt
005 - DATE AND TIME OF LATEST TRANSACTION
- control field: 20190826050723.0
008 - FIXED-LENGTH DATA ELEMENTS
- fixed length control field: 190826|| aca||aabn | a|a d
040 ## - CATALOGING SOURCE
- Original cataloging agency: OSt
- Transcribing agency: OSt
100 ## - HEADING--PERSONAL NAME
- Personal name: Saner, Raymond
670 ## - SOURCE DATA FOUND
- Source citation: Work cat.: (OSt): Saner, Raymond, Private military and security companies: legal and political ambiguities impacting the global governance of warfare in public arenas, 2019
